Vista normal
Vista MARC
- Miranda, F.
Entrada Personal Name
Número de registros utilizados en: 1
001 - CONTROL NUMBER
- control field: 26573
003 - CONTROL NUMBER IDENTIFIER
- control field: ES-SlBCS
005 - DATE AND TIME OF LATEST TRANSACTION
- control field: 20260701104603.0
008 - FIXED-LENGTH DATA ELEMENTS
- fixed length control field: 260701|| aca||aabn | a|a d
040 ## - CATALOGING SOURCE
- Original cataloging agency: ES-SlBCS
- Transcribing agency: ES-SlBCS
100 ## - HEADING--PERSONAL NAME
- Personal name: Miranda, F.
670 ## - SOURCE DATA FOUND
- Source citation: Work cat.: (ES-SlBCS)0: Cervantes Saavedra, Miguel de ( 1547-1616) 3934, Historia de la vida y hechos del ingenioso hidalgo Don Quijote de la Mancha / , 1840
